Non EU Cities - Sudden Death - Statistics

General Stats
  • This quiz has been taken 1,900 times
    1,873 since last reset
  • The average score is 11 of 16
Answers on the Grid
Answers color-coded by a green-red scale on the quiz's grid according to % correct below.
Andorra la Vella
Ankara
Baku
Bern
Bilbao
Bratislava
Bremen
Brno
Bucharest
Edinburgh
Eindhoven
Funchal
Gibraltar
Ibiza
Kiev
Łódź
London
Moscow
Podgorica
Reykjavik
Riga
Salzburg
Tbilisi
Tel Aviv
Thessaloniki
Tirana
Toulouse
Trieste
Utrecht
Vatican City
Venice
Yerevan
 
Answer Stats
Answer % Correct
Baku
86%
Ankara
84%
Tel Aviv
79%
Moscow
75%
Yerevan
72%
Bern
71%
Edinburgh
70%
Kiev
70%
London
70%
Tbilisi
70%
Vatican City
69%
Gibraltar
67%
Andorra la Vella
66%
Tirana
54%
Podgorica
52%
Reykjavik
52%
No matching quizzes found
Score Distribution
Percent of People with Each Score
Percentile by Number Answered
Your Score History
You have not taken this quiz since the last reset